La période glaciaire (Record no. 154015)
[ view plain ]
| 000 -LEADER | |
|---|---|
| campo de control de longitud fija | 01035nam a22002295i 4500 |
| 001 - NÚMERO DE CONTROL | |
| campo de control | 154015 |
| 003 - IDENTIFICADOR DE NÚMERO DE CONTROL | |
| campo de control | ES-MaACL |
| 005 - FECHA Y HORA DE LA ÚLTIMA TRANSACCIÓN | |
| campo de control | 20260217063015.0 |
| 008 - DATOS DE LONGITUD FIJA--INFORMACIÓN GENERAL | |
| campo de control de longitud fija | 001103s1889 fr abf |||| | fre d |
| 040 ## - FUENTE DE CATALOGACIÓN | |
| Centro catalogador/agencia de origen | CCPB | B |
| Lengua de catalogación | spa |
| Centro/agencia transcriptor | CCPB | B |
| 080 ## - NÚMERO DE LA CLASIFICACIÓN DECIMAL UNIVERSAL | |
| Número de la Clasificación Decimal Universal | 551.793 |
| 100 1# - ENTRADA PRINCIPAL--NOMBRE DE PERSONA | |
| Nombre de persona | Falsan, Albert, |
| Fechas asociadas al nombre | 1833-1902 |
| 9 (RLIN) | 147550 |
| 245 13 - MENCIÓN DEL TÍTULO | |
| Título | La période glaciaire |
| Resto del título | : étudiée principalement en France et en Suisse / |
| Mención de responsabilidad, etc. | par A. Falsan. |
| 260 ## - PUBLICACIÓN, DISTRIBUCIÓN, ETC. | |
| Lugar de publicación, distribución, etc. | Paris : |
| Nombre del editor, distribuidor, etc. | Ancienne Librairie Germer Baillière et Cía., Félix Alcan, |
| Fecha de publicación, distribución, etc. | 1889 ( |
| Lugar de fabricación/manufactura | Coulommiers : |
| Fabricante | imp. Paul Brodard et Gallois) |
| 300 ## - DESCRIPCIÓN FÍSICA | |
| Extensión | 364 p., [1] h. de grab., II h. de grab. pleg. ; |
| Dimensiones | 22 cm. |
| 490 1# - MENCIÓN DE SERIE | |
| Mención de serie | Bibliothèque scientifique internationale ; |
| Designación de volumen o secuencia | 66 |
| 500 ## - NOTA GENERAL | |
| Nota general | Avec 105 gravures dans le texte, et 2 planches hors texte. |
| 650 04 - PUNTO DE ACCESO ADICIONAL DE MATERIA--TÉRMINO DE MATERIA | |
| Término de materia o nombre geográfico como elemento de entrada | Edad glaciar. |
| 9 (RLIN) | 12049 |
| 830 0# - PUNTO DE ACCESO ADICIONAL DE SERIE-TÍTULO UNIFORME | |
| Título uniforme | Bibliothèque scientifique internationale ; |
| Designación de volumen o secuencia | 66 |
| 9 (RLIN) | 186949 |
| 852 ## - LOCALIZACIÓN | |
| Ubicación | ES-MaACL |
| Número de control de estantería | F-14395 |
| Nota libre | -- Enc. editorial en tela |
| -- | -- Enc. con 32 p. del catálogo editorial de octubre de 1888 |
| Estatus retirado | Estado de pérdida | Estado de daño | No para préstamo | Colección | Biblioteca de origen | Biblioteca actual | Ubicación en estantería | Fecha de adquisición | Fuente de adquisición | Total de préstamos | Signatura topográfica completa | Código de barras | Visto por última vez | Precio de reemplazo | Tipo de ítem Koha |
|---|---|---|---|---|---|---|---|---|---|---|---|---|---|---|---|
| Libros del s. XIX | Biblioteca del Ateneo de Madrid | Biblioteca del Ateneo de Madrid | Sala Pecera Planta 2 | 17/01/2008 | F-14395 | 1161036 | 23/02/2023 | 23/02/2023 | Libro impreso antiguo |
